00000000nam 2200000za 4500
0019.843780
003CaOODSP
00520221107152612
007cr |||||||||||
008170915s2010    onc     o    f000 0 eng  
020 |a978-0-660-09736-7
040 |aCaOODSP|beng
043 |an-cn---
0861 |aBT39-13/2010E-PDF
24500|aFramework for the management of risk |h[electronic resource].
260 |a[Ottawa?] : |bTreasury Board of Canada Secretariat, |c2010.
300 |a[6] p.
500 |a"Published: Aug 19, 2010."
500 |aTitle from cover.
500 |aIssued also in HTML format.
500 |aIssued also in French under title: Cadre stratégique de gestion du risque.
520 |a"The purpose of this Framework is to provide guidance to Deputy Heads on the implementation of effective risk management practices at all levels of their organization. This will support strategic priority setting and resource allocation, informed decisions with respect to risk tolerance, and improved results"--Purpose, p. [3].
69207|2gccst|aGovernment policy
69207|2gccst|aRisk management
69207|2gccst|aStrategic management
7101 |aCanada. |bTreasury Board.
77508|tCadre stratégique de gestion du risque |w(CaOODSP)9.843781
85640|qPDF|s139 KB|uhttps://publications.gc.ca/collections/collection_2018/sct-tbs/BT39-13-2010-eng.pdf
8564 |qHTML|sN/A|uhttps://www.tbs-sct.gc.ca/pol/doc-eng.aspx?id=19422